[Event "DVM U16 2015"]
[Site "Lingen (Ems) GER"]
[Date "2015.12.29"]
[Round "5"]
[White "Reindl, Arno"]
[Black "Neumann, Tiemon"]
[Result "1-0"]
[Termination "normal"]
[Board "8.2"]
[WhiteElo "1586"]
[BlackElo "1743"]
[WhiteTeam "SG Schwäbisch Gmünd 1872"]
[BlackTeam "SC Aurich"]
[PlyCount "97"]
[WhiteFideId "12946729"]
[BlackFideId "12925462"]
[EventCountry "GER"]
[EventRounds "7"]
[EventType "team-swiss"]
[EventDate "2015.12.26"]

1. e4 c5 2. d4 cxd4 3. c3 d3 4. c4 Nc6 5. Bxd3 d6 6. Nc3 g6 7. Nge2 Bg7 8. O-O
Nf6 9. b3 b6 10. Bb2 Bb7 11. Rc1 Ne5 12. Bb1 Ned7 13. Nd5 O-O 14. Ng3 Re8 15.
Rc2 Nxd5 16. exd5 Nf6 17. Re2 Qd7 18. Ne4 Nxe4 19. Bxg7 Kxg7 20. Bxe4 e6 21.
dxe6 fxe6 22. Bxb7 Qxb7 23. Qxd6 Rad8 24. Qe5+ Kg8 25. Rfe1 Qf7 26. g3 Rd7 27.
f4 Qf8 28. Qc3 Qf5 29. Qe5 Qf8 30. Qg5 Qd6 31. Qg4 Rde7 32. Re5 Qd4+ 33. Kg2
Qd3 34. R1e3 Qd6 35. h4 Qa3 36. Re2 Qd6 37. h5 Kg7 38. Qf3 Qd4 39. R2e4 Qd2+
40. Re2 Qd4 41. Qg4 Qd6 42. Qg5 Qc6+ 43. R2e4 Qb7 44. hxg6 hxg6 45. f5 Rd7 46.
Qxg6+ Kf8 47. Qh6+ Kg8 48. fxe6 Rh7 49. Qg6+ 1-0

[Event "DVM U16 2015"]
[Site "Lingen (Ems) GER"]
[Date "2015.12.29"]
[Round "5"]
[White "Henning, Yannick"]
[Black "Waibel, Christian"]
[Result "0-1"]
[Termination "normal"]
[Board "8.3"]
[WhiteElo "1696"]
[BlackElo "1565"]
[WhiteTeam "SC Aurich"]
[BlackTeam "SG Schwäbisch Gmünd 1872"]
[PlyCount "48"]
[WhiteFideId "12930296"]
[BlackFideId "16217497"]
[EventCountry "GER"]
[EventRounds "7"]
[EventType "team-swiss"]
[EventDate "2015.12.26"]

1. d4 d5 2. c4 e6 3. Nc3 Nf6 4. Bg5 Be7 5. cxd5 exd5 6. Qc2 O-O 7. e3 c6 8. Bd3
h6 9. Bh4 Re8 10. Nge2 Nbd7 11. O-O Ne4 12. Bxe7 Qxe7 13. Rae1 Ndf6 14. f3 Nd6
15. Ng3 Bd7 16. e4 dxe4 17. fxe4 Nc8 18. Re2 Qd6 19. Nf5 Bxf5 20. exf5 Qxd4+
21. Kh1 Nd6 22. Rfe1 Rxe2 23. Rxe2 Ng4 24. Nd1 Qf4 0-1

[Event "DVM U16 2015"]
[Site "Lingen (Ems) GER"]
[Date "2015.12.29"]
[Round "5"]
[White "Reindl, Knut"]
[Black "Rajendram, Reanosh"]
[Result "1/2-1/2"]
[Termination "normal"]
[Board "8.4"]
[WhiteElo "1697"]
[BlackElo "1533"]
[WhiteTeam "SG Schwäbisch Gmünd 1872"]
[BlackTeam "SC Aurich"]
[PlyCount "129"]
[WhiteFideId "12946753"]
[BlackFideId "12965162"]
[EventCountry "GER"]
[EventRounds "7"]
[EventType "team-swiss"]
[EventDate "2015.12.26"]

1. c4 Nf6 2. d4 g6 3. Nc3 Bg7 4. e4 d6 5. Nf3 O-O 6. Bd3 e5 7. d5 Nbd7 8. O-O
h6 9. h3 Nh7 10. Be3 f5 11. exf5 gxf5 12. Nh2 Ndf6 13. Qc1 f4 14. Bd2 Kh8 15.
Ne4 Rg8 16. Kh1 Bf8 17. Qc2 Qe7 18. Nxf6 Nxf6 19. Be4 Qg7 20. Rg1 Qg5 21. Nf3
Qh5 22. Nh2 Bd7 23. Be1 Qg5 24. Bd2 Qh5 25. Bf3 Qf7 26. a4 Be7 27. b3 Rg7 28.
Rad1 Rag8 29. a5 Rg6 30. Qd3 Qg7 31. Qf1 h5 32. Bc3 Bg4 33. Re1 Rg5 34. Be2 Qh6
35. g3 Bf5 36. Nf3 Be4 37. Kh2 Bxf3 38. Bxf3 fxg3+ 39. Rxg3 Rxg3 40. fxg3 h4
41. g4 Qf4+ 42. Kg1 Nh5 43. Bg2 Qg3 44. Qf3 Qxf3 45. Bxf3 Nf4 46. Kh2 Bg5 47.
Be4 Rf8 48. Bf5 Kg7 49. b4 Kf7 50. Bb2 Ke7 51. Bc1 Kd8 52. Bxf4 Bxf4+ $11 53.
Kg2 Re8 54. Kf3 Re7 55. Ke4 Rf7 56. Ra1 Bd2 57. Ra4 Bc3 58. Kd3 Bd4 59. a6 b6
60. b5 Ke7 61. Ke4 Kf6 62. Ra2 Kg5 63. Rh2 Rf6 64. Rg2 Rf7 65. Rh2 1/2-1/2

[Event "DVM U16 2015"]
[Site "Lingen (Ems) GER"]
[Date "2015.12.29"]
[Round "5"]
[White "Pfaffenrot, Daniel"]
[Black "Gschnitzer, Adrian"]
[Result "0-1"]
[Termination "normal"]
[Board "9.1"]
[WhiteElo "1603"]
[BlackElo "2126"]
[WhiteTeam "Gütersloher SV von 1923"]
[BlackTeam "SV 1947 Walldorf"]
[PlyCount "82"]
[WhiteFideId "12964972"]
[BlackFideId "1270337"]
[EventCountry "GER"]
[EventRounds "7"]
[EventType "team-swiss"]
[EventDate "2015.12.26"]

1. d4 d5 2. e3 Nf6 3. Bd3 g6 4. c3 Bg7 5. f4 O-O 6. Nf3 Nbd7 7. O-O c5 8. Nbd2
b6 9. Ne5 Bb7 10. Ndf3 Ne4 11. Nxd7 Qxd7 12. Ne5 Qc7 13. g4 f6 14. Nf3 Bc8 15.
Nd2 Nxd2 16. Bxd2 e5 17. dxc5 bxc5 18. e4 c4 19. Bc2 d4 20. cxd4 exd4 21. Qf3
d3 22. Ba4 f5 23. e5 Bb7 24. Qg3 fxg4 25. Be3 g5 26. Qxg4 gxf4 27. Bxf4 Qc5+
28. Rf2 Qd5 29. Kf1 Qh1+ 30. Qg1 Qe4 31. Re1 Qxf4 32. e6 Qxf2+ 33. Qxf2 Bd4 34.
Qf7+ Rxf7+ 35. exf7+ Kxf7 36. Bd7 Rf8 37. Re6 Kg7+ 38. Ke1 Bxb2 39. Be8 Bc3+
40. Kd1 Rf1+ 41. Re1 Rxe1# 0-1

[Event "DVM U16 2015"]
[Site "Lingen (Ems) GER"]
[Date "2015.12.29"]
[Round "5"]
[White "Färber, David"]
[Black "Kandler, Philipp"]
[Result "1-0"]
[Termination "normal"]
[Board "9.2"]
[WhiteElo "2000"]
[BlackElo "1511"]
[WhiteTeam "SV 1947 Walldorf"]
[BlackTeam "Gütersloher SV von 1923"]
[PlyCount "65"]
[WhiteFideId "12971294"]
[BlackFideId "16200772"]
[EventCountry "GER"]
[EventRounds "7"]
[EventType "team-swiss"]
[EventDate "2015.12.26"]

1. e4 c5 2. Nf3 Nc6 3. d4 cxd4 4. Nxd4 e5 5. Nb5 a6 6. Nd6+ Bxd6 7. Qxd6 Qf6 8.
Qxf6 Nxf6 9. Nc3 d5 10. exd5 Nb4 11. Bd3 Nbxd5 12. Nxd5 Nxd5 13. Bd2 O-O 14.
O-O-O Be6 15. Rhe1 f6 16. f4 Bg4 17. Bc4 Bxd1 18. Bxd5+ Kh8 19. Rxd1 Rab8 20.
c4 b6 21. b4 Rbc8 22. Be3 b5 23. c5 exf4 24. Bxf4 a5 25. Bd6 Rfe8 26. bxa5 Re3
27. Kb2 b4 28. a6 Ra3 29. Bb7 Re8 30. Be7 h6 31. Rd8 Rxd8 32. Bxd8 Kg8 33. c6
1-0

[Event "DVM U16 2015"]
[Site "Lingen (Ems) GER"]
[Date "2015.12.29"]
[Round "5"]
[White "Fortenbacher, Dominic"]
[Black "Hartmann, Cora"]
[Result "1-0"]
[Termination "normal"]
[Board "9.3"]
[WhiteElo "1592"]
[BlackElo "1803"]
[WhiteTeam "Gütersloher SV von 1923"]
[BlackTeam "SV 1947 Walldorf"]
[PlyCount "109"]
[WhiteFideId "16200780"]
[BlackFideId "16200764"]
[EventCountry "GER"]
[EventRounds "7"]
[EventType "team-swiss"]
[EventDate "2015.12.26"]

1. e4 e5 2. Nf3 Nc6 3. Bc4 Bc5 4. c3 Nf6 5. d4 exd4 6. e5 d5 7. Be2 Ne4 8. cxd4
Bb4+ 9. Bd2 Nxd2 10. Nbxd2 O-O 11. O-O f6 12. Nb3 Bg4 13. a3 Be7 14. Re1 Qd7
15. Rc1 Rae8 16. Rc3 fxe5 17. dxe5 Nd8 18. h3 Bh5 19. Nfd4 Bxe2 20. Qxe2 c6 21.
e6 Qc7 22. Nf3 Bd6 23. Re3 Re7 24. Qd3 Bf4 25. R3e2 Rfe8 26. Nbd4 g6 27. Nh4
Qc8 28. Nxg6 hxg6 29. Qxg6+ Kh8 30. Qf6+ Kg8 31. Nf5 Qc7 32. Nxe7+ Rxe7 33.
Qg6+ Kh8 34. Qf6+ Kg8 35. Re5 Bxe5 36. Rxe5 Nxe6 37. Rxe6 Rxe6 38. Qxe6+ Kg7
39. Qg4+ Kf6 40. Qf3+ Ke6 41. Qe3+ Kf5 42. g4+ Kg6 43. f4 c5 44. Qe6+ Kh7 45.
Qxd5 Qxf4 46. Qf5+ Qxf5 47. gxf5 Kg7 48. Kf2 Kf6 49. Ke3 Kxf5 50. Kd3 b5 51. h4
Kg4 52. Ke4 Kxh4 53. Kd5 b4 54. Kxc5 bxa3 55. bxa3 1-0

[Event "DVM U16 2015"]
[Site "Lingen (Ems) GER"]
[Date "2015.12.29"]
[Round "5"]
[White "Brede, Robert"]
[Black "Qiu, Oliver"]
[Result "1-0"]
[Termination "normal"]
[Board "9.4"]
[WhiteElo "1448"]
[BlackElo "1497"]
[WhiteTeam "SV 1947 Walldorf"]
[BlackTeam "Gütersloher SV von 1923"]
[PlyCount "105"]
[WhiteFideId "12971405"]
[BlackFideId "16200713"]
[EventCountry "GER"]
[EventRounds "7"]
[EventType "team-swiss"]
[EventDate "2015.12.26"]

1. c4 e5 2. Nc3 Nc6 3. g3 f5 4. d3 Bb4 5. Bg2 Bxc3+ 6. bxc3 d6 7. Nf3 Nf6 8.
O-O O-O 9. Qb3 Kh8 10. Bd2 Qe8 11. Rad1 Rb8 12. Rfe1 Qh5 13. Nh4 Bd7 14. Bf3
Qf7 15. Qc2 h6 16. Bg2 g5 17. Nf3 Qh5 18. Qc1 f4 19. a3 Bh3 20. Bh1 Ne7 21. Qc2
Ng6 22. Bc1 Nh4 23. Nd2 Nh7 24. Nf1 f3 25. gxh4 Qg4+ 26. Ng3 gxh4 27. exf3 Qg6
28. Qe2 hxg3 29. fxg3 Rf7 30. d4 Re8 31. Qd2 Ng5 32. Re3 Qg7 33. Rde1 Ref8 34.
Qd1 exd4 35. cxd4 Rf6 36. f4 Rxf4 37. Re7 Qxe7 38. Bxf4 Qf7 39. Qe2 Qf6 40. Qe3
Rf7 41. Bxb7 Ne6 42. Bd5 Re7 43. Bxh6 Re8 44. Bg2 Bxg2 45. Kxg2 Kh7 46. Bg5
Nxg5 47. Qd3+ Ne4 48. Rxe4 Rxe4 49. Qxe4+ Kg8 50. Qg4+ Kf7 51. Qf3 c5 52. Qxf6+
Kxf6 53. d5 1-0

[Event "DVM U16 2015"]
[Site "Lingen (Ems) GER"]
[Date "2015.12.29"]
[Round "5"]
[White "Bauer, Björn-Benny"]
[Black "Greiving, Felix"]
[Result "1-0"]
[Termination "normal"]
[Board "10.1"]
[WhiteElo "2065"]
[BlackElo "1796"]
[WhiteTeam "SK Gau-Algesheim"]
[BlackTeam "SV Lingen"]
[PlyCount "71"]
[WhiteFideId "24698741"]
[BlackFideId "12967548"]
[EventCountry "GER"]
[EventRounds "7"]
[EventType "team-swiss"]
[EventDate "2015.12.26"]

1. d4 Nf6 2. c4 g6 3. Nc3 Bg7 4. e4 d6 5. Be2 O-O 6. Nf3 Bg4 7. Be3 Nfd7 8. h3
Bxf3 9. Bxf3 c5 10. d5 a6 11. Qd2 Qa5 12. h4 f5 13. exf5 Ne5 14. Be2 Rxf5 15.
f4 Ned7 16. Bg4 Rf6 17. Be6+ Rxe6 18. dxe6 Nf8 19. Nd5 Qxd2+ 20. Kxd2 Nc6 21.
Rab1 b5 22. b4 Nxb4 23. Nxb4 cxb4 24. Rxb4 Nxe6 25. Rc1 bxc4 26. Rbxc4 Kf7 27.
Rc8 Rxc8 28. Rxc8 Bf6 29. g3 Nd4 30. Ra8 Nf5 31. Bf2 e5 32. fxe5 dxe5 33. Rxa6
e4 34. g4 Bxh4 35. Bxh4 Nxh4 36. Ke3 1-0

[Event "DVM U16 2015"]
[Site "Lingen (Ems) GER"]
[Date "2015.12.29"]
[Round "5"]
[White "Möller, Hannah"]
[Black "Grieb, Lukas"]
[Result "1-0"]
[Termination "normal"]
[Board "10.2"]
[WhiteElo "1743"]
[BlackElo "1853"]
[WhiteTeam "SV Lingen"]
[BlackTeam "SK Gau-Algesheim"]
[PlyCount "57"]
[WhiteFideId "1270514"]
[BlackFideId "1271993"]
[EventCountry "GER"]
[EventRounds "7"]
[EventType "team-swiss"]
[EventDate "2015.12.26"]

1. Nf3 d5 2. g3 c5 3. Bg2 Nf6 4. O-O Bg4 5. c3 Nbd7 6. d3 e6 7. Bf4 Be7 8. Na3
a6 9. c4 O-O 10. Ne5 Nh5 11. Nxg4 f5 12. Ne5 g5 13. Nxd7 Qxd7 14. Bd2 f4 15.
cxd5 exd5 16. Rb1 Rf6 17. e3 Rh6 18. exf4 gxf4 19. Qf3 Nf6 20. Bxf4 Rg6 21. Be5
Rd8 22. Nc2 Ng4 23. Bf4 d4 24. Qxb7 Qf5 25. Qxe7 Rc8 26. Be4 Qh5 27. h4 Rf6 28.
Be5 Rf7 29. Bd5 1-0

[Event "DVM U16 2015"]
[Site "Lingen (Ems) GER"]
[Date "2015.12.29"]
[Round "5"]
[White "Erlekam, Simon"]
[Black "Baars, Nico"]
[Result "1-0"]
[Termination "normal"]
[Board "10.3"]
[WhiteElo "1802"]
[BlackElo "1409"]
[WhiteTeam "SK Gau-Algesheim"]
[BlackTeam "SV Lingen"]
[PlyCount "47"]
[WhiteFideId "12921416"]
[BlackFideId "16213718"]
[EventCountry "GER"]
[EventRounds "7"]
[EventType "team-swiss"]
[EventDate "2015.12.26"]

1. e4 g6 2. d4 Bg7 3. Nc3 c6 4. Bc4 Qa5 5. Nf3 Nf6 6. Bd2 O-O 7. O-O Qd8 8. e5
Ne8 9. Re1 d5 10. Bd3 Bg4 11. h3 Bxf3 12. Qxf3 e6 13. Ne2 Nc7 14. Qg3 Nd7 15.
h4 f5 16. h5 gxh5 17. Bg5 Qe8 18. Nf4 Qf7 19. Be2 Kh8 20. Bxh5 Qg8 21. Qh4 h6
22. Ng6+ Kh7 23. Ne7 hxg5 24. Bg6# 1-0

[Event "DVM U16 2015"]
[Site "Lingen (Ems) GER"]
[Date "2015.12.29"]
[Round "5"]
[White "Sehring, Niklas"]
[Black "Kitzinger, Alexander"]
[Result "0-1"]
[Termination "normal"]
[Board "10.4"]
[WhiteElo "1164"]
[BlackElo "1444"]
[WhiteTeam "SV Lingen"]
[BlackTeam "SK Gau-Algesheim"]
[PlyCount "116"]
[WhiteFideId "16213610"]
[BlackFideId "16208030"]
[EventCountry "GER"]
[EventRounds "7"]
[EventType "team-swiss"]
[EventDate "2015.12.26"]

1. Nf3 d5 2. g3 c5 3. Bg2 Nc6 4. d4 e6 5. O-O Nf6 6. c4 Be7 7. Nc3 O-O 8. b3
Rb8 9. Bb2 a6 10. a4 dxc4 11. bxc4 cxd4 12. Nb1 Qb6 13. Bxd4 Nxd4 14. Qxd4 Bc5
15. Qf4 Bd7 16. Nbd2 Bc6 17. Rab1 Qd8 18. Nb3 Bd6 19. Qh4 Bxa4 20. Rfd1 Bxb3
21. Rxb3 Qe7 22. e4 e5 23. Ne1 Bc5 24. Nd3 Bd4 25. Kh1 Qe6 26. Rb4 Bc3 27. Ra4
Qc6 28. Ra3 Qxc4 29. Qg5 Nxe4 30. Qe3 f5 31. Rc1 Qxd3 32. Qxd3 Nxf2+ 33. Kg1
Nxd3 34. Rcxc3 Nb4 35. Rab3 a5 36. Rc5 b6 37. Rxe5 g6 38. Re6 Kf7 39. Rbe3 Rfe8
40. Rxe8 Rxe8 41. Rc3 Ke6 42. h3 Kd6 43. Rc1 Re3 44. Kf2 Nd3+ 45. Kxe3 Nxc1 46.
Kd2 Nb3+ 47. Kc3 Nc5 48. Kc4 a4 49. Kb4 h6 50. Bf3 Ke5 51. Be2 Kd4 52. Bf1 Ke3
53. Bc4 Kf3 54. Bf7 g5 55. Bg6 f4 56. gxf4 gxf4 57. Kb5 a3 58. Kxb6 a2 0-1

[Event "DVM U16 2015"]
[Site "Lingen (Ems) GER"]
[Date "2015.12.29"]
[Round "6"]
[White "Fieberg, Samuel"]
[Black "Böhning, Kilian"]
[Result "0-1"]
[Termination "normal"]
[Board "1.1"]
[WhiteElo "2226"]
[BlackElo "2050"]
[WhiteClock "00:22:21"]
[BlackClock "01:08:09"]
[WhiteTeam "SG Porz"]
[BlackTeam "Hagener SV"]
[PlyCount "116"]
[WhiteFideId "12901717"]
[BlackFideId "1270499"]
[EventCountry "GER"]
[EventRounds "7"]
[EventType "team-swiss"]
[EventDate "2015.12.26"]

1. e4 {[%clk 1:30:58]} e5 {[%clk 1:29:44]} 2. Nf3 {[%clk 1:31:24]} Nc6 {[%clk
1:29:49]} 3. Bc4 {[%clk 1:31:49]} Be7 {[%clk 1:29:54]} 4. O-O {[%clk 1:31:15]}
d6 {[%clk 1:30:01]} 5. c3 {[%clk 1:30:26]} Nf6 {[%clk 1:29:20]} 6. d3 {[%clk
1:29:36]} O-O {[%clk 1:29:30]} 7. Bb3 {[%clk 1:29:23]} Na5 {[%clk 1:27:49]} 8.
Bc2 {[%clk 1:29:45]} c5 {[%clk 1:28:09]} 9. Re1 {[%clk 1:28:49]} Nc6 {[%clk
1:27:55]} 10. Nbd2 {[%clk 1:27:39]} Re8 {[%clk 1:27:38]} 11. Nf1 {[%clk
1:26:45]} Bf8 {[%clk 1:27:01]} 12. Ng3 {[%clk 1:26:26]} g6 {[%clk 1:26:30]} 13.
d4 {[%clk 1:25:29]} cxd4 {[%clk 1:22:58]} 14. cxd4 {[%clk 1:25:52]} Bg4 {[%clk
1:22:25]} 15. d5 {[%clk 1:24:48]} Nd4 {[%clk 1:22:30]} 16. Be3 {[%clk 1:23:31]}
Nxc2 {[%clk 1:20:14]} 17. Qxc2 {[%clk 1:23:50]} Bxf3 {[%clk 1:19:48]} 18. gxf3
{[%clk 1:24:13]} Qd7 {[%clk 1:19:18]} 19. Qe2 {[%clk 1:24:00]} h5 {[%clk
1:17:54]} 20. Bg5 {[%clk 1:16:57]} Nh7 {[%clk 1:17:31]} 21. Be3 {[%clk
1:15:26]} Be7 {[%clk 1:07:33]} 22. Qf1 {[%clk 1:10:48]} h4 {[%clk 1:05:08]} 23.
Ne2 {[%clk 1:11:03]} f5 {[%clk 0:57:14]} 24. Qh3 {[%clk 1:01:50]} Red8 {[%clk
0:50:02]} 25. Rac1 {[%clk 0:58:15]} f4 {[%clk 0:48:32]} 26. Qxd7 {[%clk
0:57:20]} Rxd7 {[%clk 0:48:56]} 27. Bd2 {[%clk 0:57:44]} Ng5 {[%clk 0:48:14]}
28. Rc3 {[%clk 0:57:59]} Bd8 {[%clk 0:48:24]} 29. Rec1 {[%clk 0:57:53]} Bb6
{[%clk 0:48:26]} 30. Kg2 {[%clk 0:57:39]} h3+ {[%clk 0:48:11]} 31. Kf1 {[%clk
0:57:56]} Kf7 {[%clk 0:46:41]} 32. Rd3 {[%clk 0:48:49]} Rc7 {[%clk 0:44:29]}
33. Rxc7+ {[%clk 0:46:32]} Bxc7 {[%clk 0:44:53]} 34. Bc3 {[%clk 0:42:27]} Ke7
{[%clk 0:43:24]} 35. Nc1 {[%clk 0:42:17]} a5 {[%clk 0:42:52]} 36. Ke2 {[%clk
0:42:20]} b5 {[%clk 0:42:14]} 37. a3 {[%clk 0:40:20]} Bb6 {[%clk 0:42:17]} 38.
Rd1 {[%clk 0:40:38]} Nh7 {[%clk 0:41:43]} 39. Nd3 {[%clk 0:40:34]} Rc8 {[%clk
0:40:49]} 40. Rg1 {[%clk 0:40:40]} g5 {[%clk 0:40:56]} 41. Kd2 {[%clk 0:39:15]}
Rg8 {[%clk 0:40:28]} 42. Ke2 {[%clk 0:36:02]} Nf6 {[%clk 0:40:47]} 43. Rh1
{[%clk 0:08:56]} g4 {[%clk 0:39:12]} 44. Be1 {[%clk 0:08:27]} gxf3+ {[%clk
0:38:06]} 45. Kxf3 {[%clk 0:08:44]} Rg2 {[%clk 0:38:26]} 46. b4 {[%clk
0:26:00]} a4 {[%clk 1:09:09]} 47. Nb2 {[%clk 0:24:47]} Nh7 {[%clk 1:09:14]} 48.
Ke2 {[%clk 0:23:01]} Ng5 {[%clk 1:09:27]} 49. Nd1 {[%clk 0:22:45]} Nxe4 {[%clk
1:09:28]} 50. Kd3 {[%clk 0:23:07]} Nf6 {[%clk 1:09:37]} 51. Nc3 {[%clk
0:23:30]} Bxf2 {[%clk 1:09:24]} 52. Nxb5 {[%clk 0:22:39]} Bxe1 {[%clk 1:07:47]}
53. Rxe1 {[%clk 0:23:01]} Nxd5 {[%clk 1:08:04]} 54. Ke4 {[%clk 0:22:55]} Nf6+
{[%clk 1:07:09]} 55. Kf5 {[%clk 0:23:16]} f3 {[%clk 1:07:07]} 56. Na7 {[%clk
0:22:25]} f2 {[%clk 1:07:18]} 57. Rf1 {[%clk 0:22:50]} Ng4 {[%clk 1:07:43]} 58.
b5 {[%clk 0:22:21]} Ne3+ {[%clk 1:08:09]} 0-1

[Event "DVM U16 2015"]
[Site "Lingen (Ems) GER"]
[Date "2015.12.29"]
[Round "6"]
[White "Balazs, Balint"]
[Black "Ramien, David"]
[Result "1-0"]
[Termination "normal"]
[Board "1.2"]
[WhiteElo "1931"]
[BlackElo "2140"]
[WhiteClock "00:44:26"]
[BlackClock "00:30:17"]
[WhiteTeam "Hagener SV"]
[BlackTeam "SG Porz"]
[PlyCount "53"]
[WhiteFideId "12922757"]
[BlackFideId "12948241"]
[EventCountry "GER"]
[EventRounds "7"]
[EventType "team-swiss"]
[EventDate "2015.12.26"]

1. d4 {[%clk 1:30:57]} g6 {[%clk 1:30:54]} 2. h4 {[%clk 1:30:41]} h5 {[%clk
1:29:53]} 3. e4 {[%clk 1:30:13]} Bg7 {[%clk 1:30:07]} 4. Nc3 {[%clk 1:28:04]}
d6 {[%clk 1:29:54]} 5. Be3 {[%clk 1:26:43]} c6 {[%clk 1:29:21]} 6. Qd2 {[%clk
1:17:56]} Nd7 {[%clk 1:28:44]} 7. Nf3 {[%clk 1:17:00]} Qc7 {[%clk 1:26:15]} 8.
Bc4 {[%clk 1:16:15]} Ngf6 {[%clk 1:22:14]} 9. Ng5 {[%clk 1:12:35]} O-O {[%clk
1:21:39]} 10. f4 {[%clk 1:10:17]} Nb6 {[%clk 1:14:15]} 11. Bd3 {[%clk 1:08:08]}
Ng4 {[%clk 1:09:23]} 12. O-O {[%clk 1:03:59]} e5 {[%clk 0:57:03]} 13. dxe5
{[%clk 1:01:50]} dxe5 {[%clk 0:57:16]} 14. Bc5 {[%clk 0:59:31]} Rd8 {[%clk
0:55:52]} 15. Rad1 {[%clk 0:50:40]} Nd7 {[%clk 0:52:41]} 16. Bc4 {[%clk
0:49:25]} Bf8 {[%clk 0:38:27]} 17. Bxf7+ {[%clk 0:46:31]} Kh8 {[%clk 0:38:48]}
18. Bf2 {[%clk 0:44:01]} Nxf2 {[%clk 0:32:38]} 19. Rxf2 {[%clk 0:44:19]} Bc5
{[%clk 0:32:13]} 20. Ne6 {[%clk 0:44:05]} Qb6 {[%clk 0:30:54]} 21. fxe5 {[%clk
0:42:51]} Bxf2+ {[%clk 0:31:01]} 22. Qxf2 {[%clk 0:43:16]} Qxf2+ {[%clk
0:30:05]} 23. Kxf2 {[%clk 0:43:40]} Rg8 {[%clk 0:30:12]} 24. Bxg8 {[%clk
0:43:49]} Kxg8 {[%clk 0:30:41]} 25. Nc7 {[%clk 0:43:54]} Rb8 {[%clk 0:30:15]}
26. e6 {[%clk 0:44:09]} Nf6 {[%clk 0:30:17]} 27. Rd8+ {[%clk 0:44:26]} 1-0

[Event "DVM U16 2015"]
[Site "Lingen (Ems) GER"]
[Date "2015.12.29"]
[Round "6"]
[White "Kagan, Dennis"]
[Black "Laubrock, Paul"]
[Result "1-0"]
[Termination "normal"]
[Board "1.3"]
[WhiteElo "2009"]
[BlackElo "1980"]
[WhiteClock "00:15:06"]
[BlackClock "00:12:06"]
[WhiteTeam "SG Porz"]
[BlackTeam "Hagener SV"]
[PlyCount "71"]
[WhiteFideId "12983578"]
[BlackFideId "1270509"]
[EventCountry "GER"]
[EventRounds "7"]
[EventType "team-swiss"]
[EventDate "2015.12.26"]

1. Nf3 {[%clk 1:30:53]} d5 {[%clk 1:30:45]} 2. c4 {[%clk 1:31:15]} d4 {[%clk
1:30:53]} 3. e3 {[%clk 1:31:27]} Nc6 {[%clk 1:30:32]} 4. b4 {[%clk 1:26:31]}
Bg4 {[%clk 1:23:54]} 5. b5 {[%clk 1:17:18]} Ne5 {[%clk 1:21:34]} 6. Bb2 {[%clk
1:17:10]} Bxf3 {[%clk 1:20:13]} 7. gxf3 {[%clk 1:16:57]} c5 {[%clk 1:20:17]} 8.
f4 {[%clk 1:15:23]} Ng6 {[%clk 1:19:06]} 9. h4 {[%clk 1:09:21]} h5 {[%clk
1:12:43]} 10. Bg2 {[%clk 1:08:51]} Qb6 {[%clk 1:11:39]} 11. d3 {[%clk 1:01:40]}
Nf6 {[%clk 1:06:50]} 12. Nd2 {[%clk 1:00:30]} e5 {[%clk 1:03:32]} 13. Qf3
{[%clk 0:52:21]} Rb8 {[%clk 0:58:57]} 14. f5 {[%clk 0:50:53]} Ne7 {[%clk
0:58:15]} 15. e4 {[%clk 0:48:50]} g6 {[%clk 0:51:07]} 16. Bh3 {[%clk 0:48:00]}
Rg8 {[%clk 0:48:49]} 17. Rg1 {[%clk 0:46:29]} Qd6 {[%clk 0:46:02]} 18. Nb3
{[%clk 0:44:32]} Bh6 {[%clk 0:40:54]} 19. Ba3 {[%clk 0:41:41]} b6 {[%clk
0:40:29]} 20. Bc1 {[%clk 0:42:01]} Bxc1 {[%clk 0:33:29]} 21. Nxc1 {[%clk
0:41:21]} Kd8 {[%clk 0:33:29]} 22. Ne2 {[%clk 0:37:51]} Kc7 {[%clk 0:32:43]}
23. Kd2 {[%clk 0:38:01]} Rg7 {[%clk 0:28:04]} 24. a4 {[%clk 0:31:45]} Kb7
{[%clk 0:23:44]} 25. a5 {[%clk 0:30:10]} Rgg8 {[%clk 0:21:18]} 26. Ng3 {[%clk
0:27:07]} g5 {[%clk 0:19:17]} 27. hxg5 {[%clk 0:27:15]} Rxg5 {[%clk 0:19:36]}
28. axb6 {[%clk 0:26:24]} axb6 {[%clk 0:19:49]} 29. Ne2 {[%clk 0:26:01]} Rbg8
{[%clk 0:18:35]} 30. Qh1 {[%clk 0:24:55]} Ng4 {[%clk 0:15:53]} 31. Bxg4 {[%clk
0:23:01]} Qh6 {[%clk 0:16:10]} 32. f4 {[%clk 0:19:43]} Rxg4 {[%clk 0:16:25]}
33. Kc2 {[%clk 0:18:38]} exf4 {[%clk 0:16:02]} 34. e5+ {[%clk 0:17:54]} Nc6
{[%clk 0:11:52]} 35. Rxg4 {[%clk 0:15:59]} Rxg4 {[%clk 0:12:06]} 36. f6 {[%clk
0:15:06]} 1-0

[Event "DVM U16 2015"]
[Site "Lingen (Ems) GER"]
[Date "2015.12.29"]
[Round "6"]
[White "Hoppe, Andreas"]
[Black "Niesel, Tobias"]
[Result "0-1"]
[Termination "normal"]
[Board "1.4"]
[WhiteElo "1901"]
[BlackElo "1941"]
[WhiteClock "00:00:38"]
[BlackClock "00:28:59"]
[WhiteTeam "Hagener SV"]
[BlackTeam "SG Porz"]
[PlyCount "80"]
[WhiteFideId "12922811"]
[BlackFideId "12962155"]
[EventCountry "GER"]
[EventRounds "7"]
[EventType "team-swiss"]
[EventDate "2015.12.26"]

1. d4 {[%clk 1:30:59]} g6 {[%clk 1:30:43]} 2. Nc3 {[%clk 1:31:16]} Bg7 {[%clk
1:30:54]} 3. Bf4 {[%clk 1:31:28]} d6 {[%clk 1:31:04]} 4. e3 {[%clk 1:22:43]} c6
{[%clk 1:30:16]} 5. f3 {[%clk 1:21:47]} Nd7 {[%clk 1:29:35]} 6. e4 {[%clk
1:19:42]} b5 {[%clk 1:29:07]} 7. a3 {[%clk 1:16:34]} Bb7 {[%clk 1:27:02]} 8.
Nge2 {[%clk 1:14:37]} Qc7 {[%clk 1:23:11]} 9. h4 {[%clk 1:10:32]} h5 {[%clk
1:21:05]} 10. g4 {[%clk 1:08:18]} Ngf6 {[%clk 1:18:28]} 11. Ng3 {[%clk
1:05:17]} O-O-O {[%clk 1:13:02]} 12. g5 {[%clk 1:04:11]} Ne8 {[%clk 1:12:00]}
13. Bh3 {[%clk 1:03:37]} e5 {[%clk 1:07:54]} 14. Be3 {[%clk 1:02:07]} a6 {[%clk
1:07:38]} 15. d5 {[%clk 1:01:11]} Kb8 {[%clk 1:06:17]} 16. O-O {[%clk 0:59:50]}
Nb6 {[%clk 1:06:08]} 17. a4 {[%clk 0:56:48]} Nc4 {[%clk 1:05:38]} 18. Bf2
{[%clk 0:53:50]} b4 {[%clk 0:59:54]} 19. b3 {[%clk 0:45:08]} Nb2 {[%clk
0:52:39]} 20. Qc1 {[%clk 0:45:21]} bxc3 {[%clk 0:52:49]} 21. Qe3 {[%clk
0:45:33]} Bc8 {[%clk 0:52:22]} 22. Bxc8 {[%clk 0:43:39]} Rxc8 {[%clk 0:51:51]}
23. dxc6 {[%clk 0:43:28]} f6 {[%clk 0:46:01]} 24. Ne2 {[%clk 0:37:27]} f5
{[%clk 0:46:15]} 25. Rfc1 {[%clk 0:34:15]} f4 {[%clk 0:44:19]} 26. Qxc3 {[%clk
0:33:10]} Qxc6 {[%clk 0:44:33]} 27. Qxb2 {[%clk 0:33:13]} d5 {[%clk 0:44:49]}
28. b4 {[%clk 0:30:40]} Qc4 {[%clk 0:44:20]} 29. Re1 {[%clk 0:18:47]} dxe4
{[%clk 0:43:49]} 30. fxe4 Qxe4 {[%clk 0:43:12]} 31. Nd4 {[%clk 0:16:37]} Qd5
{[%clk 0:41:17]} 32. Nb3 {[%clk 0:11:50]} Qf3 {[%clk 0:31:13]} 33. Qc1 {[%clk
0:03:27]} Qg4+ {[%clk 0:30:58]} 34. Kf1 {[%clk 0:02:56]} f3 {[%clk 0:29:34]}
35. Re3 {[%clk 0:02:25]} e4 {[%clk 0:28:32]} 36. c3 {[%clk 0:01:20]} Qg2+
{[%clk 0:28:27]} 37. Ke1 {[%clk 0:01:42]} Rd8 {[%clk 0:28:47]} 38. Nd4 {[%clk
0:00:40]} Bxd4 {[%clk 0:28:54]} 39. cxd4 {[%clk 0:00:37]} Rxd4 {[%clk 0:29:16]}
40. Rd3 {[%clk 0:00:38]} Qh1+ {[%clk 0:28:59]} 0-1